Apertura económica, modernización y sostenibilidad de la agricultura
Bewaard in:
| Hoofdauteurs: | , |
|---|---|
| Formaat: | Boek |
| Taal: | Spaans |
| Gepubliceerd in: |
Santiago
ALACEA
1994
|
| Onderwerpen: | |
| Tags: |
Voeg label toe
Geen labels, Wees de eerste die dit record labelt!
|
MARC
| LEADER | 00000nam a2200000 a 4500 | ||
|---|---|---|---|
| 001 | UCQ6690 | ||
| 003 | CL-VaPUC | ||
| 005 | 20220923074501.0 | ||
| 008 | 981023e19940000cl 1 spa d | ||
| 082 | 0 | 4 | |a 338.13 |b MUC |2 21 |
| 100 | |a Muchnik W., Eugenia |e autora |9 619151 | ||
| 700 | 1 | |a Niño de Zepeda, Alberto |e author |9 619152 | |
| 245 | 1 | 0 | |a Apertura económica, modernización y sostenibilidad de la agricultura |
| 260 | |a Santiago |b ALACEA |c 1994 | ||
| 300 | |a 254 p | ||
| 583 | |a last modification |c 19981023 00:00:00 |k Rodrigo Vera | ||
| 650 | 0 | 0 | |a Economía |9 255568 |
| 650 | 0 | 0 | |a Agricultura |9 255598 |
| 650 | 0 | 7 | |a DESARROLLO AGRICOLA |2 CL-VaPUC |9 259759 |
| 650 | 0 | 0 | |a Producción agrícola |9 353481 |
| 650 | 0 | 7 | |a REFORMAS ECONOMICAS |2 CL-VaPUC |9 403130 |
| 650 | 0 | 0 | |a Medio ambiente |9 257625 |
| 650 | 0 | 7 | |a MODERNIZACION |2 CL-VaPUC |9 335311 |
| 650 | 0 | 7 | |a POLITICA AGRARIA |2 CL-VaPUC |9 264314 |
| 650 | 0 | 0 | |a Congresos |9 257560 |
| 651 | 0 | |a América Latina |9 255027 | |
| 942 | |c BK | ||
| 945 | |a aarredon |d 19981023 00:00:00 | ||
| 546 | |a En Español | ||
| 536 | |a ALACEA | ||
| 518 | |p Congreso Latinoamericano y del Caribe de Economía Agrícola, IV, Santiago, 1994 | ||
| 999 | |c 383271 |d 383269 | ||